| 000 | 00740nam a2200229 i 4500 | ||
|---|---|---|---|
| 001 | 171899 | ||
| 003 | ES-MaACL | ||
| 005 | 20230906214747.0 | ||
| 007 | t| | ||
| 008 | 090605s1912 fr ||||1| fre d | ||
| 080 | _a782.1 | ||
| 100 | 1 |
_aBataille, Henry. _926392 |
|
| 245 | 1 | 3 |
_aLa Lépreuse _b: tragédie légendaire en trois actes / _cpoème de Henry Bataille ; musique de Sylvio Lazzari. |
| 260 |
_aParís : _bMax Eschig, _c1912. |
||
| 300 |
_a76 p. ; _c18 cm. |
||
| 490 | 1 | _aLivrets complets | |
| 650 | 4 |
_aÓperas- _vLibretos. _9137584 |
|
| 700 | 0 |
_aLazzari, Sylvio. _970826 |
|
| 830 | 0 |
_aLivrets complets _9223229 |
|
| 852 | 4 |
_aES-MaACL _jE-12667 _9R.140267 _z. - Biblioteca Jacinto Martínez Lacalle |
|
| 999 |
_c171899 _d171899 |
||